Defence versus development : (Record no. 127225)

MARC details
000 -LEADER
fixed length control field 00801nam a22002417a 4500
005 - DATE AND TIME OF LATEST TRANSACTION
control field 20170124110021.0
010 ## - LIBRARY OF CONGRESS CONTROL NUMBER
LC control number A-680561
020 ## - INTERNATIONAL STANDARD BOOK NUMBER
International Standard Book Number 8158182930
Terms of availability 00.00
035 ## - SYSTEM CONTROL NUMBER
System control number A-680561
037 ## - SOURCE OF ACQUISITION
Source of stock number/acquisition Cen Lib/Ret
040 ## - CATALOGING SOURCE
Original cataloging agency DPL
Language of cataloging EN
082 ## - DEWEY DECIMAL CLASSIFICATION NUMBER
Classification number 338.47350
Item number KHA
100 ## - MAIN ENTRY--PERSONAL NAME
Personal name Khanna, D.D.
9 (RLIN) 5716
245 ## - TITLE STATEMENT
Title Defence versus development :
Remainder of title a case study of india /
Statement of responsibility, etc by D.D. Khanna [and] P.N. Mehrotra
260 ## - PUBLICATION, DISTRIBUTION, ETC. (IMPRINT)
Place of publication, distribution, etc New Delhi
Name of publisher, distributor, etc Indus Publishing Company
Date of publication, distribution, etc 1993
270 ## - ADDRESS
Address FS-5, tagore garden
City New Delhi
Postal code 110027
300 ## - PHYSICAL DESCRIPTION
Extent 189p.
Dimensions 21cm(Hb)
500 ## - GENERAL NOTE
General note includes bibliographical references and index
650 ## - SUBJECT ADDED ENTRY--TOPICAL TERM
Topical term or geographic name as entry element Defence & development issues
9 (RLIN) 19847
650 ## - SUBJECT ADDED ENTRY--TOPICAL TERM
Topical term or geographic name as entry element Systemaric analyusis
9 (RLIN) 19848
700 ## - ADDED ENTRY--PERSONAL NAME
Personal name Mehrotra, P.N.
9 (RLIN) 7049
942 ## - ADDED ENTRY ELEMENTS (KOHA)
Source of classification or shelving scheme Dewey Decimal Classification
Koha item type English Books
Classification part 338.47350
Call number suffix KHA
Holdings
Withdrawn status Lost status Damaged status Not for loan Home library Current library Date acquired Source of acquisition Cost, normal purchase price Total Checkouts Full call number Barcode Date last seen Copy number Cost, replacement price Price effective from Koha item type Public note
Written off       Central Library Central Library 29/06/2015 Cen Lib/Ret 0.00   338.47350 KHA A-680561 29/06/2015 1 0.00 29/06/2015 English Books Written off on approval by DLB (By Circulation); dtd 15-06-2023

© Delhi Public Library
Hit Counter
free hit counter